MARC details
| 000 -CABECERA |
| campo de control de longitud fija |
01529nam a22001697a 4500 |
| 020 ## - NUMERO INTERNACIONAL NORMALIZADO PARA LIBROS (ISBN) |
| International Standard Book Number |
9789507416873 |
| 080 ## - NUMERO DE CLASIFICACION DECIMAL UNIVERSAL (CDU) |
| Número de la Clasificación Decimal Universal |
347.6/ 63 Az 72 |
| 100 ## - ASIENTO PRINCIPAL--NOMBRE PERSONAL |
| Nombre personal |
Aizpiri, Jorge O. |
| 245 ## - MENCION DE TITULO |
| Título propiamente dicho |
Incidencias del Codigo Civil y Comercial: |
| Parte restante del título |
derecho de familia |
| 250 ## - MENCION DE EDICION |
| Mención de edición |
1° Ed. 6° Reimp. |
| 260 ## - PUBLICACION, DISTRIBUCION, ETC. (PIE DE IMPRENTA) |
| Lugar de publicación, distribución, etc. |
Buenos Aires: |
| Nombre del editor, distribuidor, etc. |
Hammurabi, |
| Fecha de publicación, distribución, etc. |
2015 |
| 300 ## - DESCRIPCION FISICA |
| Extensión |
296 P. |
| Dimensiones |
23 X 16 Cm. |
| 490 ## - MENCION DE SERIE |
| Mención de serie |
Derecho de Familia |
| Designación numérica/secuencial del volumen |
1 |
| 650 ## - ASIENTO SECUNDARIO DE MATERIA - TERMINO TEMATICO |
| Subdivisión general |
derecho de familia |
| -- |
familia |
| -- |
matrimonio |
| -- |
esponsales |
| -- |
impedimentos matrimoniales |
| -- |
nulidad |
| -- |
derechos de conyuges |
| -- |
deberes de conyuges |
| -- |
divorcio |
| -- |
alimentos |
| -- |
compensacion economica |
| -- |
atribucion de vivienda |
| -- |
disolucion |
| -- |
regimen patrimonial |
| -- |
proteccion de vivienda familiar |
| -- |
convenciones matrimoniales |
| -- |
responsabildad por deudas |
| -- |
comunidad |
| -- |
bienes propios |
| -- |
bienes gananciales |
| -- |
fraude |
| -- |
separacion judicial de bienes |
| -- |
indivision postcomunitaria |
| -- |
liquidacion |
| -- |
recompensas |
| -- |
liquidacion por bigamia |
| -- |
uniones convivenciales |
| -- |
proyecto de vida en comun |
| -- |
pactos en comun |
| -- |
gastos del hogar |
| -- |
parentezco |
| -- |
alimentos |
| -- |
filiacion |
| -- |
certificado de nacimiento |
| -- |
reproduccion humana asistida |
| -- |
filiacion matrimonial |
| -- |
filiacion extramatrimonial |
| -- |
reconocimiento |
| -- |
accion de filiacion |
| -- |
prueba |
| -- |
impugnacion de maternidad |
| -- |
posesion de estado |
| -- |
impugnacion de reconocimiento |
| -- |
adopcion |
| -- |
guarda |
| -- |
adopcion simple |
| -- |
adopcion plena |
| -- |
juicio de adopcion |
| -- |
nulidad |
| -- |
adopcion en el extranjero |
| -- |
responsabilidad parental |
| -- |
cuidado personal |
| -- |
deber alimentario |
| -- |
hijo mayor de edad |
| -- |
derecho de comunicacion |
| -- |
deber de comunicacion |
| 942 ## - ELEMENTOS AGREGADOS (KOHA) |
| Clasificación normalizada de Koha para alfabetizar |
_ |
| 945 ## - INFORMACION DE PROCESAMIENTO LOCAL |
| Responsable de carga/modificación |
Celeste Delía |
| AAAA-MM-DD - Fecha de ingreso/modificación |
2023-08-03 |